000 00707cab a2200241 4500
001 WB3521-30
008 090401t1999 xxu||||| |||| 00| 0 eng d
035 _a(Sirsi) u93698
041 _aeng
245 _aLiving room over the shop
260 _c1999
350 _a0
490 _aFinancial Times
_v29/30 May 1999, 3.19(1)
520 _aDiscusses how the LOTS (Living Over The Shop) scheme could provide a solution to the shortage of brownfield sites for new homes.
650 _aEMPTY HOMES
650 _aHOUSEHOLD PROJECTIONS
650 _aLIVING OVER THE SHOP
650 _aLOTS
650 _aPLANNING POLICY
690 _aPLANNING LAW AND PRACTICE
942 _n0
948 _c02/06/1999
999 _c59391
_d59391